[Event "Lorca op 7th"]
[Site "Lorca"]
[Date "2018.12.27"]
[Round "2"]
[White "Nasuta, Grzegorz"]
[Black "Roig Aguilar, Alejandro"]
[Result "1-0"]
[WhiteElo "2530"]
[BlackElo "2283"]
[PlyCount "39"]
[EventDate "2018.12.26"]
[EventType "swiss"]
[EventRounds "9"]
[EventCountry "ESP"]
[SourceTitle "CBM 188 Extra"]
[Source "ChessBase"]
[SourceDate "2019.02.26"]
[SourceVersion "1"]
[SourceVersionDate "2019.02.26"]
[SourceQuality "1"]

1. e4 c5 2. Nf3 d6 3. d4 Nf6 4. Nc3 cxd4 5. Nxd4 a6 6. h3 e5 7. Nb3 Be6 8. Be3 Be7 9. Qf3 Nbd7 10. 0-0-0 Rc8 11. g4 g6 12. g5 Nh5 13. h4 Rxc3 14. bxc3 Qc7 15. Bh3 Qxc3 16. Bxe6 fxe6 17. Rd3 Qc4 18. Kb2 d5 19. exd5 e4 20. Qg4 1-0

[Event "La Roda op 45th"]
[Site "La Roda"]
[Date "2018.04.01"]
[Round "8"]
[White "Stankovic, Milos"]
[Black "Roig Aguilar, Alejandro"]
[Result "1/2-1/2"]
[WhiteElo "2416"]
[BlackElo "2250"]
[PlyCount "89"]
[EventDate "2018.03.28"]
[EventType "swiss"]
[EventRounds "9"]
[EventCountry "ESP"]
[SourceTitle "CBM 183 Extra"]
[Source "ChessBase"]
[SourceDate "2018.04.19"]
[SourceVersion "1"]
[SourceVersionDate "2018.04.19"]
[SourceQuality "1"]

1. e4 c5 2. Nf3 d6 3. d4 Nf6 4. Nc3 cxd4 5. Nxd4 a6 6. Nb3 e6 7. g4 b5 8. Bg2 Bb7 9. g5 Nfd7 10. Be3 Nc6 11. f4 Nb6 12. Qe2 Nc4 13. 0-0-0 Nxe3 14. Qxe3 Na5 15. Qh3 Nxb3+ 16. axb3 g6 17. e5 Bxg2 18. Qxg2 d5 19. Ne4 Be7 20. Nf6+ Bxf6 21. gxf6 a5 22. Rd3 a4 23. b4 Qd7 24. h4 h5 25. Qd2 0-0-0 26. Rc3+ Kb7 27. Qd4 Rc8 28. Rhh3 Rhd8 29. b3 axb3 30. cxb3 Rxc3+ 31. Rxc3 Rc8 32. Kd2 Rxc3 33. Qxc3 Qc6 34. Qa1 Qb6 35. Ke2 Qc6 36. Kd3 Qa6 37. Qg1 Qa3 38. Kc3 d4+ 39. Qxd4 Qc1+ 40. Kd3 Qd1+ 41. Ke3 Qg1+ 42. Ke4 Qh1+ 43. Kd3 Qd1+ 44. Ke3 Qg1+ 45. Ke4 1/2-1/2

[Event "Barcelona Sants op 19th"]
[Site "Barcelona"]
[Date "2017.08.25"]
[Round "8"]
[White "Cotonnec, Melkior"]
[Black "Roig Aguilar, Alejandro"]
[Result "0-1"]
[WhiteElo "2329"]
[BlackElo "2243"]
[PlyCount "130"]
[EventDate "2017.08.18"]
[EventType "swiss"]
[EventRounds "10"]
[EventCountry "ESP"]
[SourceTitle "CBM 180 Extra"]
[Source "ChessBase"]
[SourceDate "2017.10.06"]
[SourceVersion "1"]
[SourceVersionDate "2017.10.06"]
[SourceQuality "1"]

1. e4 c5 2. Nf3 Nc6 3. Nc3 g6 4. d4 cxd4 5. Nxd4 Bg7 6. Be3 Nf6 7. Bc4 0-0 8. h3 Nxe4 9. Nxe4 d5 10. c3 Ne5 11. Bd3 Nxd3+ 12. Qxd3 dxe4 13. Qxe4 f5 14. Qh4 f4 15. Bxf4 Rxf4 16. Qxf4 e5 17. Qf3 exd4 18. cxd4 Qa5+ 19. Qc3 Qa6 20. f3 Bf5 21. Kf2 Rc8 22. Qb3+ Be6 23. Qe3 Rc2+ 24. Kg3 Qd6+ 25. f4 Bxd4 26. Qe4 Bf5 27. Qe8+ Kg7 28. Rhf1 g5 29. Kh2 gxf4 30. Rf3 Bf2 31. Kh1 Bg3 32. Raf1 Bg6 33. Qb5 Qe7 34. Qd5 Be4 35. Qd4+ Kg6 36. Qd1 Bxf3 37. Qxc2+ Be4 38. Qc4 Bf5 39. Rd1 a6 40. Qd4 b5 41. Qd6+ Kf7 42. Qd5+ Qe6 43. Qc5 f3 44. gxf3 h5 45. Qd5 h4 46. Qxe6+ Bxe6 47. Kg2 a5 48. b3 Be5 49. Re1 Kf6 50. Re4 Bg3 51. Rd4 Ke5 52. Rd8 Bd5 53. Rd7 a4 54. bxa4 bxa4 55. Ra7 Bc6 56. Kf1 Kd4 57. Ke2 Bb5+ 58. Kd2 Bf4+ 59. Kc2 Ke3 60. Ra5 Bd7 61. Ra7 Bxh3 62. Rxa4 Bf5+ 63. Kc3 h3 64. Ra8 h2 65. Re8+ Kf2 0-1

[Event "Barcelona Sants op 19th"]
[Site "Barcelona"]
[Date "2017.08.19"]
[Round "2"]
[White "Hertneck, Gerald"]
[Black "Roig Aguilar, Alejandro"]
[Result "1-0"]
[WhiteElo "2498"]
[BlackElo "2243"]
[PlyCount "87"]
[EventDate "2017.08.18"]
[EventType "swiss"]
[EventRounds "10"]
[EventCountry "ESP"]
[SourceTitle "CBM 180 Extra"]
[Source "ChessBase"]
[SourceDate "2017.10.06"]
[SourceVersion "1"]
[SourceVersionDate "2017.10.06"]
[SourceQuality "1"]

1. Nf3 g6 2. d4 Nf6 3. Bg5 Bg7 4. Nbd2 d5 5. c3 0-0 6. e3 c5 7. dxc5 Qc7 8. Nb3 Nbd7 9. Bb5 Rd8 10. Bf4 e5 11. Bg3 Ne4 12. Bxd7 Nxg3 13. Bxc8 Nxh1 14. Bh3 e4 15. Nfd4 Qxh2 16. Ke2 Nxf2 17. Kxf2 Qe5 18. Ke2 a5 19. a4 Ra6 20. Kd2 Bh6 21. Qe2 Rf6 22. Nc2 Ra8 23. Nbd4 Qc7 24. Qb5 Raa6 25. Rd1 Bf8 26. b4 Rf2+ 27. Kc1 Raf6 28. Nb3 Qe5 29. Rd4 axb4 30. cxb4 Bh6 31. Qxb7 Qg3 32. Qxd5 Bxe3+ 33. Kb2 Bxd4+ 34. Nbxd4 Qd3 35. Qe5 e3 36. c6 Rxc6 37. Qe8+ Kg7 38. Qxc6 Qxd4+ 39. Qc3 Qxc3+ 40. Kxc3 e2 41. Kd2 f5 42. a5 Kf6 43. a6 Ke7 44. Ne1 1-0

[Event "Valencia-ch op"]
[Site "Puerto de Sagunto"]
[Date "2017.04.30"]
[Round "6"]
[White "Roig Aguilar, Alejandro"]
[Black "Ibanez Aullana, Jose Ramon"]
[Result "1/2-1/2"]
[WhiteElo "2213"]
[BlackElo "2255"]
[PlyCount "145"]
[EventDate "2017.04.22"]
[EventType "swiss"]
[EventRounds "7"]
[EventCountry "ESP"]
[SourceTitle "EXT 2024"]
[Source "ChessBase"]
[SourceDate "2023.10.10"]
[SourceVersion "1"]
[SourceVersionDate "2023.10.10"]
[SourceQuality "1"]

1. d4 Nf6 2. c4 e6 3. Nc3 d5 4. cxd5 exd5 5. Bg5 Be7 6. e3 c6 7. Qc2 0-0 8. Bd3 Nbd7 9. Nf3 Re8 10. 0-0 g6 11. h3 Ne4 12. Bf4 Nd6 13. b4 Nb6 14. b5 Bf5 15. Bxd6 Bxd3 16. Bxe7 Bxc2 17. Bxd8 Rexd8 18. bxc6 bxc6 19. Rfc1 Bf5 20. Ne5 Rac8 21. Nb1 Rd6 22. g4 Bd7 23. Nd2 f6 24. Nd3 h5 25. gxh5 g5 26. Kg2 Kf7 27. a4 Bf5 28. Nc5 Rh8 29. a5 Nc8 30. Rc3 Rxh5 31. Rh1 Ne7 32. Rb3 Bc8 33. a6 Rd8 34. Nb7 Rd7 35. Rc1 Rxh3 36. Kxh3 Rxb7+ 37. Kg2 Rxb3 38. Nxb3 Bxa6 39. Ra1 Bc4 40. Nd2 Bb5 41. Rxa7 Ke6 42. Nb3 Nc8 43. Nc5+ Kf5 44. Rd7 Nb6 45. Rg7 Nc4 46. Kg3 Nd2 47. Re7 Ne4+ 48. Nxe4 dxe4 49. Rb7 Bc4 50. Rb6 Bd5 51. Rb8 Kg6 52. Kg2 Kf7 53. Kf1 f5 54. Kg2 f4 55. Rd8 Ke7 56. Rh8 Kf6 57. Rh6+ Kg7 58. Rd6 Kf7 59. Rh6 Kg7 60. Rd6 Kf7 61. exf4 gxf4 62. Kh3 Ke7 63. Rh6 Be6+ 64. Kh4 Kd6 65. Rh5 Bd5 66. Kg4 e3 67. fxe3 fxe3 68. Rh6+ Kd7 69. Rh7+ Kd6 70. Rh6+ Kd7 71. Rh2 Bc4 72. Kf3 e2 73. Kf2 1/2-1/2

[Event "Valencia-ch op"]
[Site "Puerto de Sagunto"]
[Date "2017.04.22"]
[Round "2"]
[White "Monllor Garcia, Yolanda"]
[Black "Roig Aguilar, Alejandro"]
[Result "0-1"]
[WhiteElo "1960"]
[BlackElo "2213"]
[PlyCount "62"]
[EventDate "2017.04.22"]
[EventType "swiss"]
[EventRounds "7"]
[EventCountry "ESP"]
[SourceTitle "EXT 2024"]
[Source "ChessBase"]
[SourceDate "2023.10.10"]
[SourceVersion "1"]
[SourceVersionDate "2023.10.10"]
[SourceQuality "1"]

1. e4 c5 2. Nf3 Nc6 3. d4 cxd4 4. Nxd4 g6 5. Be2 Bg7 6. Be3 Nf6 7. Nc3 0-0 8. Qd2 d5 9. exd5 Nxd5 10. Nxd5 Nxd4 11. Bxd4 Qxd5 12. Bxg7 Qxg2 13. 0-0-0 Kxg7 14. Qd4+ Kg8 15. Rdg1 Qc6 16. h4 Bf5 17. c3 e5 18. Qe3 Qa4 19. Bd3 Bxd3 20. Qxd3 Rad8 21. Qe3 Qxa2 22. h5 Qa1+ 23. Kc2 Qa4+ 24. Kb1 Qf4 25. hxg6 fxg6 26. Qxa7 Qe4+ 27. Kc1 Ra8 28. Qe3 Ra1+ 29. Kd2 Rd8+ 30. Ke2 Qc4+ 31. Kf3 Rxg1 0-1

[Event "Masdenverge op 5th"]
[Site "Masdenverge"]
[Date "2016.06.25"]
[Round "5"]
[White "Roig Aguilar, Alejandro"]
[Black "De Paz San Martin, Jose Angel"]
[Result "1-0"]
[WhiteElo "2192"]
[BlackElo "1990"]
[PlyCount "55"]
[EventDate "2016.06.24"]
[EventType "swiss"]
[EventRounds "7"]
[EventCountry "ESP"]
[SourceTitle "EXT 2017"]
[Source "ChessBase"]
[SourceDate "2016.10.25"]
[SourceVersion "1"]
[SourceVersionDate "2016.10.25"]
[SourceQuality "1"]

1. d4 d5 2. c4 e6 3. Nc3 Nf6 4. cxd5 exd5 5. Bg5 Be7 6. Qc2 0-0 7. e3 Nbd7 8. Nf3 h6 9. Bh4 Re8 10. Bd3 c5 11. 0-0 b6 12. Bb5 Bb7 13. dxc5 bxc5 14. Rfd1 a6 15. Ba4 g5 16. Bg3 Bf8 17. Qf5 Re6 18. Bb3 c4 19. Bc2 Qe7 20. Nxd5 Bxd5 21. Rxd5 Bg7 22. Rd2 Nh5 23. Rad1 Nxg3 24. hxg3 Ne5 25. Nd4 Rc6 26. Qh7+ Kf8 27. Nf5 Qf6 28. Nxg7 1-0

[Event "Masdenverge op 5th"]
[Site "Masdenverge"]
[Date "2016.06.25"]
[Round "3"]
[White "Roig Aguilar, Alejandro"]
[Black "Rius Guarch, Daniel"]
[Result "1-0"]
[WhiteElo "2192"]
[BlackElo "1924"]
[PlyCount "69"]
[EventDate "2016.06.24"]
[EventType "swiss"]
[EventRounds "7"]
[EventCountry "ESP"]
[SourceTitle "EXT 2017"]
[Source "ChessBase"]
[SourceDate "2016.10.25"]
[SourceVersion "1"]
[SourceVersionDate "2016.10.25"]
[SourceQuality "1"]

1. d4 Nf6 2. c4 d6 3. Nc3 g6 4. e4 Bg7 5. Nf3 0-0 6. Be2 e5 7. d5 a5 8. Bg5 h6 9. Be3 Na6 10. Nd2 Nd7 11. 0-0 f5 12. exf5 gxf5 13. f4 Nf6 14. Nb3 b6 15. Qd2 e4 16. Nd4 Bd7 17. Kh1 Nc5 18. Rf2 Qe7 19. h3 Rae8 20. g3 Kh8 21. Rg1 Rg8 22. g4 fxg4 23. hxg4 Nh7 24. Rh2 Rgf8 25. f5 Kg8 26. Ne6 Bxe6 27. dxe6 Ng5 28. Nd5 Qd8 29. e7 Rxe7 30. Bxg5 hxg5 31. Qxg5 Re5 32. Qg6 Rf6 33. Qh7+ Kf7 34. Nxf6 Qxf6 35. g5 1-0

[Event "Masdenverge op 5th"]
[Site "Masdenverge"]
[Date "2016.06.24"]
[Round "1"]
[White "Roig Aguilar, Alejandro"]
[Black "Fernandez Sierra, Pedro Jose"]
[Result "1-0"]
[WhiteElo "2192"]
[BlackElo "1660"]
[PlyCount "93"]
[EventDate "2016.06.24"]
[EventType "swiss"]
[EventRounds "7"]
[EventCountry "ESP"]
[SourceTitle "EXT 2017"]
[Source "ChessBase"]
[SourceDate "2016.10.25"]
[SourceVersion "1"]
[SourceVersionDate "2016.10.25"]
[SourceQuality "1"]

1. d4 Nf6 2. c4 c5 3. d5 b5 4. cxb5 a6 5. bxa6 Bxa6 6. Nc3 d6 7. g3 g6 8. Bg2 Bg7 9. Nh3 0-0 10. 0-0 Nbd7 11. Qc2 Qc7 12. b3 Nb6 13. Rb1 Rfb8 14. Nf4 Ng4 15. h4 Bd4 16. Bb2 Qa7 17. a4 Nd7 18. Ne4 Bxb2 19. Rxb2 Rb4 20. Nc3 Rab8 21. Na2 R4b7 22. h5 Nge5 23. Rfb1 g5 24. Nh3 h6 25. Qc1 f6 26. Be4 Nf8 27. Kg2 Rc7 28. f4 Nf7 29. Qd2 Bc8 30. Nc3 Qb6 31. Nb5 Rcb7 32. Nf2 f5 33. Bd3 g4 34. Qc2 Bd7 35. Bxf5 Bxb5 36. axb5 Qxb5 37. Nxg4 Qb4 38. Be6 Kg7 39. Qf5 Nh8 40. Nxh6 Nxe6 41. Qxe6 Qc3 42. Nf5+ Kf8 43. h6 Qf6 44. Qxf6+ exf6 45. Nxd6 Rb6 46. Nc4 R6b7 47. e4 1-0

[Event "Benidorm op U2300 14th"]
[Site "Benidorm"]
[Date "2015.12.03"]
[Round "6"]
[White "Roig Aguilar, Alejandro"]
[Black "Amdouni, Zoubaier"]
[Result "1-0"]
[WhiteElo "2185"]
[BlackElo "2299"]
[PlyCount "97"]
[EventDate "2015.11.28"]
[EventType "swiss"]
[EventRounds "10"]
[EventCountry "ESP"]
[SourceTitle "CBM 169 Extra"]
[Source "ChessBase"]
[SourceDate "2015.12.18"]
[SourceVersion "1"]
[SourceVersionDate "2015.12.18"]
[SourceQuality "1"]

1. d4 Nf6 2. c4 e6 3. Nc3 Bb4 4. g3 0-0 5. Bg2 d6 6. Nf3 Qe7 7. Qb3 Nc6 8. 0-0 Bxc3 9. Qxc3 Ne4 10. Qe3 f5 11. Ne1 e5 12. d5 Nd4 13. b3 c5 14. Qd3 Nc3 15. e3 Nce2+ 16. Kh1 Nxc1 17. Rxc1 e4 18. Qd1 f4 19. exd4 f3 20. Nxf3 exf3 21. Bxf3 cxd4 22. Bg2 Qf6 23. Qd2 Bf5 24. Rce1 h6 25. Kg1 a5 26. Re2 a4 27. b4 Rac8 28. Rc1 d3 29. Re6 Bxe6 30. dxe6 Kh8 31. Bd5 b5 32. Qxd3 Qxf2+ 33. Kh1 bxc4 34. Rxc4 Rxc4 35. Qxc4 Rf5 36. e7 Qe1+ 37. Kg2 Qxe7 38. b5 Rf8 39. b6 Qe3 40. b7 Qc5 41. Qxc5 dxc5 42. Be6 Rb8 43. Bc8 c4 44. Kf3 g5 45. Ke3 Kg7 46. Kd4 Kf6 47. Kxc4 Ke5 48. Kc5 Ke4 49. Kb6 1-0

[Event "Masdenverge op 4th"]
[Site "Masdenverge"]
[Date "2015.06.27"]
[Round "4"]
[White "Roig Aguilar, Alejandro"]
[Black "Jordan Martinez, David"]
[Result "1-0"]
[WhiteElo "2199"]
[BlackElo "2131"]
[PlyCount "71"]
[EventDate "2015.06.26"]
[EventType "swiss"]
[EventRounds "7"]
[EventCountry "ESP"]
[SourceTitle "EXT 2019"]
[Source "ChessBase"]
[SourceDate "2018.10.10"]
[SourceVersion "1"]
[SourceVersionDate "2018.10.10"]
[SourceQuality "1"]

1. d4 Nf6 2. c4 e6 3. Nc3 Bb4 4. g3 0-0 5. Bg2 d5 6. Nf3 dxc4 7. 0-0 Nc6 8. a3 Bxc3 9. bxc3 Bd7 10. Re1 Rb8 11. e4 Na5 12. Bg5 h6 13. Bh4 Qe8 14. Bxf6 gxf6 15. Qd2 Kg7 16. Qf4 Qd8 17. Rad1 Nc6 18. e5 f5 19. g4 Ne7 20. gxf5 exf5 21. d5 Ba4 22. Rd4 Bc2 23. Nh4 Ng6 24. Nxf5+ Bxf5 25. Qxf5 b5 26. h4 h5 27. Re3 Rh8 28. Rg3 Qe7 29. Rf4 Rh6 30. Be4 Kh8 31. Qxf7 Qxf7 32. Rxf7 Nxe5 33. Rxc7 Ng4 34. f3 Ne5 35. Re7 Nd3 36. d6 1-0

[Event "Rutas de Cuenca op 2nd"]
[Site "Cuenca"]
[Date "2015.06.20"]
[Round "5"]
[White "Jimenez Almeida, Luis David"]
[Black "Roig Aguilar, Alejandro"]
[Result "0-1"]
[WhiteElo "2185"]
[BlackElo "2199"]
[PlyCount "74"]
[EventDate "2015.06.19"]
[EventType "swiss"]
[EventRounds "7"]
[EventCountry "ESP"]
[SourceTitle "EXT 2019"]
[Source "ChessBase"]
[SourceDate "2018.10.10"]
[SourceVersion "1"]
[SourceVersionDate "2018.10.10"]
[SourceQuality "1"]

1. d4 Nf6 2. Nf3 e6 3. Bg5 h6 4. Bxf6 Qxf6 5. e4 d6 6. Nc3 Qe7 7. h4 g6 8. Qd2 Bg7 9. 0-0-0 a6 10. g3 b5 11. Bh3 Nd7 12. h5 g5 13. Rde1 0-0 14. Nh2 c5 15. d5 Nb6 16. Nd1 Nc4 17. Qd3 a5 18. Ng4 a4 19. f4 a3 20. b3 Nb2 21. Qf3 exd5 22. exd5 Bxg4 23. Qxg4 Qf6 24. fxg5 Qxg5+ 25. Qxg5 hxg5 26. Ne3 c4 27. Kd2 Be5 28. Nf5 Ra7 29. h6 Rc7 30. Rc1 Re8 31. Rhe1 c3+ 32. Ke2 Bxg3+ 33. Kf1 Rxe1+ 34. Rxe1 Bxe1 35. Kxe1 Nd3+ 36. Kf1 Nf4 37. Bg4 Nxd5 0-1

[Event "Red River Shootout 08th"]
[Site "Davis"]
[Date "2010.04.18"]
[Round "1"]
[White "Chiang, Sarah"]
[Black "Roig Aguilar, Alejandro"]
[Result "1-0"]
[WhiteElo "1674"]
[BlackElo "2124"]
[PlyCount "71"]
[EventDate "2010.04.18"]
[EventType "team-match"]
[EventRounds "2"]
[EventCountry "USA"]
[SourceTitle "CBM 136 Extra"]
[Source "ChessBase"]
[SourceDate "2010.07.02"]
[SourceVersion "2"]
[SourceVersionDate "2010.07.15"]
[SourceQuality "1"]

1. d4 d5 2. c4 c6 3. Nf3 Nf6 4. Nc3 a6 5. b3 Bf5 6. e3 e6 7. Bd3 Bb4 8. Qc2 Bxd3 9. Qxd3 Ne4 10. Bd2 Nxd2 11. Qxd2 Nd7 12. 0-0 f5 13. a3 Bd6 14. cxd5 cxd5 15. Na4 0-0 16. Rfc1 Qe7 17. Qb2 b5 18. Nc3 Rfc8 19. Ne2 Nb6 20. Nf4 Rxc1+ 21. Qxc1 Rc8 22. Qb2 Bxf4 23. exf4 Qc7 24. Qe2 Re8 25. Qe3 Qd6 26. g3 h6 27. Rc1 Rc8 28. Rc5 Re8 29. Ne5 Nc8 30. Qc1 Ne7 31. Rc7 Kf8 32. Rd7 Qb6 33. Rxd5 Qb7 34. Rd7 Qb6 35. Qd1 Rd8 36. Qh5 1-0

[Event "Valencia-chT Honor"]
[Site "Valencia"]
[Date "2009.01.17"]
[Round "2.6"]
[White "Pous Bargues, Jose Manuel"]
[Black "Roig Aguilar, Alejandro"]
[Result "1-0"]
[WhiteElo "2115"]
[BlackElo "2096"]
[PlyCount "65"]
[EventDate "2009.01.10"]
[EventType "team"]
[EventRounds "5"]
[EventCountry "ESP"]
[SourceTitle "EXT 2010"]
[Source "ChessBase"]
[SourceDate "2010.11.25"]
[SourceVersion "1"]
[SourceVersionDate "2010.11.25"]
[SourceQuality "1"]
[WhiteTeam "Oliva"]
[BlackTeam "Castellon"]
[WhiteTeamCountry "ESP"]
[BlackTeamCountry "ESP"]

1. d4 d5 2. Bf4 Nf6 3. c4 dxc4 4. Qa4+ Nc6 5. e3 Nd5 6. Bg3 Nb6 7. Qc2 g6 8. Bxc4 Nxc4 9. Qxc4 Be6 10. Qa4 Qd5 11. Nf3 b5 12. Qd1 Qc4 13. b3 Qb4+ 14. Nbd2 Qa5 15. 0-0 Rc8 16. a3 Bg7 17. Qc2 Nd8 18. Qc5 Qb6 19. Rac1 Qxc5 20. Rxc5 c6 21. Rfc1 Kd7 22. e4 Nb7 23. R5c2 f6 24. b4 Rhd8 25. Bf4 a6 26. h3 Nd6 27. Rc3 Bf7 28. e5 Nc4 29. Ne4 Ra8 30. e6+ Ke8 31. exf7+ Kxf7 32. Ned2 Nxd2 33. Bxd2 1-0

[Event "ESP-ch Student"]
[Site "Cartagena"]
[Date "2007.05.08"]
[Round "5"]
[White "Roig Aguilar, Alejandro"]
[Black "Canicio Navarro, Sonia"]
[Result "1-0"]
[WhiteElo "2102"]
[BlackElo "1895"]
[PlyCount "57"]
[EventDate "2007.05.06"]
[EventType "swiss"]
[EventRounds "9"]
[EventCountry "ESP"]
[SourceTitle "CBM 118 Extra"]
[Source "ChessBase"]
[SourceDate "2007.07.04"]
[SourceVersion "1"]
[SourceVersionDate "2007.07.04"]
[SourceQuality "1"]

1. d4 e6 2. c4 d5 3. Nc3 c5 4. e3 Nc6 5. Nf3 Nf6 6. a3 a6 7. Be2 dxc4 8. Bxc4 b5 9. Bb3 Bb7 10. 0-0 cxd4 11. exd4 Be7 12. Re1 Na5 13. Bc2 Nd5 14. Ne4 Rc8 15. Bd3 0-0 16. Nfg5 Bxg5 17. Bxg5 f6 18. Bd2 Nc4 19. Nc5 Qe7 20. Nxe6 Nxb2 21. Bxh7+ Kxh7 22. Nxf8+ Qxf8 23. Qb1+ Kh8 24. Qxb2 Nb6 25. Bb4 Qf7 26. Qe2 Qd5 27. Qg4 Rd8 28. Re7 Rd7 29. Qxg7# 1-0